00656cam a2200169 a 450000100100000000500170001000800410002704000230006808200190009110000310011024500590014126000520020030000210025250501630027365000230043665000270045900000879220200929161417.0780919s1977 ec 000 1 spa  aDO-SdBNPcDLCdDLC aE863.44bB275h1 aBarriga López, Leonardo.10aHigar :brelatos del Ande /cLeonardo Barriga López. aQuito :bCasa de la Cultura Ecuatoriana,c1977. a100 p. ;c18 cm.0 aTigasig -- El chueco -- El runa llama -- La tierra ajena -- El cabecilla -- Llacta runa -- El extrano -- Salchichas en el desayuno -- Pelafustanillo -- Higar. 4aNovela ecuatoriana 4aLiteratura ecuatoriana